| 000 | 00000nam##2200000za#4500 |
| 001 | 9.667972 |
| 003 | CaOODSP |
| 005 | 20210615123859 |
| 007 | ta |
| 008 | 150407|2006||||xxc||||| f|0| 0 fre|d |
| 040 | |aCaOODSP|bfre |
| 041 | |aeng |
| 041 | |afre |
| 043 | |an-cn--- |
| 086 | 1 |aCH24-12/2005 |
| 110 | 1 |aCanada.|bPatrimoine canadien. |bSport Canada. |
| 245 | 10|aLes obstacles linguistiques à l'accès au sport de haut niveau - étude, 2005 / |c[par] Mira Svoboda [et] Peter Donnelly. |
| 260 | |aOttawa - Ontario : |bPatrimoine canadien. |c2006. |
| 300 | |a45, 2, 3p. : |btableaux ; |c28 cm. |
| 500 | |aLes numéros de catalogues (CH24-12/2005E & CH24-12/2005F) et les ISBN (0-662-42093-4 & 0-662-70643-9) imprimés dans cette publication sont incorrects. |
| 504 | |aBibliographie. |
| 520 | 3 |aCe rapport présente les résultats d’une étude portant sur les obstacles à l’accès des athlètes francophones du Canada au sport de haut niveau. Il discute des obstacles linguistiques à la participation par rapport aux obstacles financiers et géographiques. Il se penche également sur les entraîneurs et donne un aperçu de l’infrastructure institutionnelle afin d’évaluer les progrès réalisés au chapitre du bilinguisme dans les sports. Il renferme 14 recommandations à court et à long terme formulées à l’intention de Sport Canada. |
| 563 | |aCerlox |
| 590 | |a06-39|b2006-09-29 |
| 691 | 07|aPolitique linguistique|2gcpds |
| 691 | 07|aSport|2gcpds |
| 710 | 2 |aTNS Canadian Facts. |
| 720 | 1 |aSvoboda, Mira |
| 720 | 1 |aDonnelly, Peter |
| 776 | 0#|tLes obstacles linguistiques à l'accès au sport de haut niveau - étude, 2005 / |w(CaOODSP)9.632341 |
| 776 | 0#|tLinguistic barriers to access to high performance sport - study, 2005 / |w(CaOODSP)9.687901 |
| 791 | |tLinguistic barriers to access to high performance sport - study, 2005 / |eeng|w(CaOODSP)9.667971 |